[Event "38th Olympiad"]
[Site "Dresden GER"]
[Date "2008.11.17"]
[Round "5"]
[White "Abera,Y"]
[Black "Chimthere,A"]
[Result "1-0"]
[WhiteElo "2201"]
[BlackElo "1966"]
[EventDate "2008.11.13"]

1. e4 c6 2. d4 d5 3. Nc3 dxe4 4. Nxe4 Bf5 5. Ng3 Bg6 6. c3 Nf6 7. Nf3 Nbd7
8. Qb3 Qb6 9. Bc4 Qxb3 10. Bxb3 e6 11. O-O Bd6 12. Re1 O-O 13. Ng5 Nd5 14.
Bd2 h6 15. N5e4 Bc7 16. c4 N5f6 17. Bb4 Rfd8 18. Rad1 a5 19. Be7 Re8 20.
Nxf6+ Nxf6 21. Bxf6 gxf6 22. a4 Rad8 23. Ne4 Bxe4 24. Rxe4 f5 25. Rh4 c5
26. d5 Kg7 27. Kf1 Be5 28. Rd2 Rd6 29. Ba2 Rb6 30. b3 Rd6 31. Rh3 Bd4 32.
Re2 e5 33. Bb1 e4 34. f3 Rf6 35. Ke1 e3 36. f4 Ra8 37. Rh5 Bc3+ 38. Kd1 Bd2
39. Rxf5 Rxf5 40. Bxf5 Ra6 41. Bc8 Rf6 42. g3 h5 43. Kc2 b6 44. Kd3 h4 45.
Ke4 hxg3 46. hxg3 Rh6 47. Ke5 Bc3+ 48. Ke4 Bd4 49. g4 Rh1 50. d6 Kf8 51.
Kd5 Ke8 52. g5 Rf1 53. Ke4 Rb1 54. f5 Kd8 55. Ba6 Kd7 56. Kd5 Rg1 57. Bb5+
Kd8 58. g6 fxg6 59. fxg6 Rxg6 60. Kc6 Rf6 61. Rg2 Rf8 62. Kxb6 Bc3 63. Kxc5
Be1 64. Kd5 Bf2 65. c5 Rf5+ 66. Ke6 Rf8 67. c6 Kc8 68. Ba6+ Kb8 69. c7+ Ka7
70. d7 1-0

[Event "38th Olympiad"]
[Site "Dresden GER"]
[Date "2008.11.17"]
[Round "5"]
[White "Croes,O"]
[Black "Agnelo,A"]
[Result "0-1"]
[WhiteElo "1980"]
[BlackElo "2168"]
[EventDate "2008.11.13"]

1. c4 Nf6 2. Nc3 g6 3. g3 Bg7 4. Bg2 O-O 5. Nf3 d6 6. d4 Nbd7 7. O-O c5 8.
e4 a6 9. h3 Rb8 10. e5 Ne8 11. exd6 Nxd6 12. dxc5 Nxc5 13. Bf4 Bf5 14. Ne5
g5 15. b4 gxf4 16. bxc5 Bxe5 17. cxd6 Bxc3 18. dxe7 Qxe7 19. Rc1 Bb2 20.
Re1 Qf6 0-1

[Event "38th Olympiad"]
[Site "Dresden GER"]
[Date "2008.11.17"]
[Round "5"]
[White "Jacobusse,W"]
[Black "Sousa,A"]
[Result "0-1"]
[WhiteElo "1999"]
[BlackElo "2210"]
[EventDate "2008.11.13"]

1. d4 Nf6 2. Nf3 g6 3. Bg5 Bg7 4. Nbd2 h6 5. Bxf6 Bxf6 6. e4 Bg7 7. Bc4 O-O
8. c3 d6 9. O-O Nc6 10. Qc2 e5 11. dxe5 dxe5 12. b4 Qe7 13. Rfe1 Nd8 14.
Nb3 Ne6 15. Bxe6 Bxe6 16. Nc5 Bc8 17. Rad1 b6 18. Nb3 Be6 19. Nbd2 c6 20.
Nf1 a5 21. a3 Rfc8 22. Ne3 axb4 23. axb4 Ra2 24. Qd3 b5 25. Rd2 Ra3 26. Nc2
Bc4 27. Qxc4 bxc4 28. Nxa3 Qe6 29. Red1 Bf8 30. Rd7 Ra8 31. Nc2 Ra2 32.
Nfe1 Rb2 33. Na1 c5 34. bxc5 Bxc5 35. Nec2 Qg4 36. Rd8+ Kg7 0-1

[Event "38th Olympiad"]
[Site "Dresden GER"]
[Date "2008.11.17"]
[Round "5"]
[White "Fancy,S"]
[Black "Van Tilbury,C"]
[Result "1/2-1/2"]
[WhiteElo "2128"]
[BlackElo "2280"]
[EventDate "2008.11.13"]

1. b4 e5 2. Bb2 Bxb4 3. Bxe5 Nf6 4. g3 O-O 5. Bg2 Re8 6. Bc3 Bxc3 7. Nxc3
d5 8. d4 c5 9. e3 Nc6 10. Nge2 cxd4 11. exd4 Bg4 12. h3 Bxe2 13. Nxe2 Qe7
14. Bf3 Qa3 15. Bg2 Qa6 16. Bf3 Qa3 17. Bg2 Qa6 18. Bf3 Qa3 1/2-1/2

[Event "38th Olympiad"]
[Site "Dresden GER"]
[Date "2008.11.17"]
[Round "5"]
[White "Hook,W"]
[Black "Press,S"]
[Result "0-1"]
[WhiteElo "2035"]
[BlackElo "2090"]
[EventDate "2008.11.13"]

1. d4 Nf6 2. c4 g6 3. Nc3 d5 4. Nf3 Bg7 5. Qb3 dxc4 6. Qxc4 O-O 7. e4 a6 8.
Be2 b5 9. Qb3 Bb7 10. e5 Nd5 11. O-O Nxc3 12. bxc3 Bd5 13. c4 bxc4 14. Bxc4
Bxf3 15. gxf3 Qxd4 16. Bb2 Qb6 17. Qa3 e6 18. Bc3 Nd7 19. f4 Qc6 20. Rfd1
Nxe5 21. Bxe5 Bxe5 22. fxe5 Qxc4 23. Rac1 Qg4+ 24. Kf1 Qe4 25. Qa5 Qh1+ 26.
Ke2 Qxh2 27. Rxc7 Qh5+ 28. f3 Rab8 29. Rc5 Rb2+ 30. Ke3 Qg5+ 31. Ke4 Re2+
32. Kd3 Qe3+ 33. Kc4 Rc2+ 0-1

[Event "38th Olympiad"]
[Site "Dresden GER"]
[Date "2008.11.17"]
[Round "5"]
[White "Jones,Ru"]
[Black "Lettsome,M"]
[Result "1-0"]
[WhiteElo "1966"]
[BlackElo "1812"]
[EventDate "2008.11.13"]

1. e4 c5 2. Nc3 d6 3. g3 Nf6 4. Bg2 e6 5. Nge2 Be7 6. O-O O-O 7. f4 Nc6 8.
h3 Rb8 9. g4 h6 10. Ng3 Bd7 11. d3 a6 12. h4 b5 13. g5 hxg5 14. hxg5 Nh7
15. Qh5 b4 16. Kf2 f6 17. g6 Ng5 18. fxg5 fxg5+ 19. Nf5 Rxf5+ 20. exf5 Bf6
21. Qh7+ Kf8 22. Qh8+ Ke7 23. Qxd8+ Nxd8 24. Ne4 exf5 25. Nxg5 Bd4+ 26. Be3
Bxe3+ 27. Kxe3 Kf6 28. Ne4+ Ke5 29. Nd2 d5 30. Nf3+ Kf6 31. Kd2 c4 32. Nd4
Kxg6 33. Bxd5 cxd3 34. cxd3 Kf6 35. Rac1 g6 36. Rc7 Be8 37. Re1 Bf7 38.
Bxf7 1-0

[Event "38th Olympiad"]
[Site "Dresden GER"]
[Date "2008.11.17"]
[Round "5"]
[White "Lin Chung Yu Lee"]
[Black "Murara,M"]
[Result "1/2-1/2"]
[WhiteElo "1674"]
[BlackElo "1682"]
[EventDate "2008.11.13"]

1. c4 e5 2. Nc3 Nf6 3. Nf3 d6 4. d4 exd4 5. Nxd4 Be7 6. e4 c5 7. Ndb5 a6 8.
Na3 Nc6 9. Nc2 Bd7 10. Bf4 Qc7 11. Bd3 O-O 12. O-O Ng4 13. Nd5 Qd8 14. Re1
Re8 15. h3 Nge5 16. Nce3 Rb8 17. Bxe5 Nxe5 18. Nf5 Bxf5 19. exf5 Bf6 20.
Rb1 b5 21. b3 Qa5 22. cxb5 axb5 23. Re3 Qxa2 24. Nxf6+ gxf6 25. Rg3+ Kh8
26. f4 Nxd3 27. Qxd3 Rg8 28. Re1 c4 29. bxc4 bxc4 30. Qxd6 Rxg3 31. Qxb8+
Rg8 32. Qb7 c3 33. g4 Qd2 34. Qe7 Kg7 35. g5 c2 36. Qxf6+ Kf8 37. Qe7+ Kg7
1/2-1/2

[Event "38th Olympiad"]
[Site "Dresden GER"]
[Date "2008.11.17"]
[Round "5"]
[White "Chen Yan Fong"]
[Black "Kabera,G"]
[Result "0-1"]
[WhiteElo "1865"]
[BlackElo "1949"]
[EventDate "2008.11.13"]

1. c4 e5 2. Nc3 Nc6 3. Nf3 Nf6 4. g3 d6 5. Bg2 Be7 6. O-O Be6 7. d3 h6 8.
Bd2 a6 9. a3 O-O 10. b4 Qd7 11. Re1 Bh3 12. Bh1 Nd8 13. Qb3 c6 14. a4 Ng4
15. Rad1 f5 16. Bg2 Bxg2 17. Kxg2 Qe6 18. h3 Nf6 19. Rg1 e4 20. Nd4 Qd7 21.
Qc2 d5 22. c5 Nf7 23. Nb3 Ne5 24. Bf4 Ng6 25. Be3 Qc7 26. Nd4 Qe5 27. dxe4
dxe4 28. Bf4 Nxf4+ 29. gxf4 Qxf4 30. Ne6 Qh4 31. Nxf8 Rxf8 32. Qb3+ Kh7 33.
e3 Ng4 34. Qc2 Ne5 35. Rh1 Qg5+ 36. Kf1 Qh5 37. Qe2 Nf3 38. Nb1 f4 39. exf4
Rxf4 40. Nd2 Nxd2+ 41. Rxd2 Qf5 42. Ke1 Bh4 43. Rh2 e3 44. Qxe3 Re4 45. Ke2
Rxe3+ 46. fxe3 Qe4 47. Rb2 Bg5 48. Kd1 Qxe3 49. Kc2 Qa3 50. Kb1 Qxa4 51.
Rhg2 Bf6 52. Rbc2 Qa1+ 0-1